|
|
|
|
| LEADER |
00000nam0a2200000 4500 |
| 001 |
242200 |
| 005 |
20231101231857.0 |
| 010 |
|
|
|a 9785991629799
|
| 035 |
|
|
|a (RuTPU)RU\TPU\book\263500
|
| 090 |
|
|
|a 242200
|
| 100 |
|
|
|a 20130828d2014 m y0rusy50 ca
|
| 101 |
0 |
|
|a rus
|
| 102 |
|
|
|a RU
|
| 105 |
|
|
|a a j 001zy
|
| 200 |
1 |
|
|a Брендинг
|e учебник для бакалавров
|f А. М. Чернышева, Т. Н. Якубова
|
| 210 |
|
|
|a Москва
|c Юрайт
|d 2014
|
| 215 |
|
|
|a 504 с.
|c ил.
|
| 225 |
1 |
|
|a Бакалавр. Базовый курс
|
| 320 |
|
|
|a Библиогр.: с. 484-486.
|
| 320 |
|
|
|a Краткий словарь терминов: с. 477-483.
|
| 330 |
|
|
|a В учебнике представлено комплексное освещение теоретических и практических сторон всех этапов создания, вывода на рынок, поддержания, укрепления и капитализации на нем брендов товаров, услуг, компаний с целью завоевания ими лидирующих позиций на рынке. Книга содержит иллюстративный материал, подробно отражен современный уровень развития научных знаний по дисциплине и зарубежный опыт. После каждой главы приведены вопросы и задания для самоконтроля и упражнения, что существенно облегчает усвоение материала.Соответствует Федеральному государственному образовательному стандарту высшего профессионального образования третьего поколения.
|
| 606 |
1 |
|
|a Брендинг (Брэндинг)
|x Маркетинг
|2 stltpush
|3 (RuTPU)RU\TPU\subj\67546
|9 83303
|
| 610 |
1 |
|
|a бренды
|
| 610 |
1 |
|
|a брэнды
|
| 610 |
1 |
|
|a теория
|
| 610 |
1 |
|
|a маркетинговые исследования
|
| 610 |
1 |
|
|a позиционирование
|
| 610 |
1 |
|
|a сегментирование
|
| 610 |
1 |
|
|a проектирование
|
| 610 |
1 |
|
|a правовые основы
|
| 610 |
1 |
|
|a разработка
|
| 610 |
1 |
|
|a портфельные технологии
|
| 610 |
1 |
|
|a лояльность
|
| 610 |
1 |
|
|a интегрированные бренды
|
| 610 |
1 |
|
|a марочный капитал
|
| 610 |
1 |
|
|a управление
|
| 610 |
1 |
|
|a продвижение
|
| 610 |
1 |
|
|a международный брендинг
|
| 610 |
1 |
|
|a тесты
|
| 610 |
1 |
|
|a учебники
|
| 686 |
|
|
|a У9(2)212.4я73
|v LBC/SL-A
|2 rubbk
|
| 700 |
|
1 |
|a Чернышева
|b А. М.
|g Анна Михайловна
|
| 701 |
|
1 |
|a Якубова
|b Т. Н.
|g Татьяна Николаевна
|
| 801 |
|
1 |
|a RU
|b 63413507
|c 20130828
|
| 801 |
|
2 |
|a RU
|b 63413507
|c 20150624
|g RCR
|
| 900 |
|
|
|a Брэндинг
|
| 942 |
|
|
|c BK
|
| 951 |
|
|
|b 080100
|
| 959 |
|
|
|a 117/20130828
|d 2
|e 379,00
|f ЧЗГЛ:1
|f АНЛ:1
|